<?xml version="1.0" encoding="UTF-8"?>
<record
    xmlns:xsi="http://www.w3.org/2001/XMLSchema-instance"
    xsi:schemaLocation="http://www.loc.gov/MARC21/slim http://www.loc.gov/standards/marcxml/schema/MARC21slim.xsd"
    xmlns="http://www.loc.gov/MARC21/slim">

  <leader>02362nam a2200325 a 4500</leader>
  <controlfield tag="001">BRCA_5419</controlfield>
  <controlfield tag="005">20190320205053.0</controlfield>
  <controlfield tag="008">101210m18411842sp-####f#v---#000-0#spa-#</controlfield>
  <datafield tag="041" ind1=" " ind2=" ">
    <subfield code="a">spa</subfield>
  </datafield>
  <datafield tag="044" ind1=" " ind2=" ">
    <subfield code="a">sp</subfield>
  </datafield>
  <datafield tag="084" ind1=" " ind2=" ">
    <subfield code="a">DOC6</subfield>
    <subfield code="b">.M39</subfield>
    <subfield code="c">1841</subfield>
    <subfield code="p">D1995</subfield>
  </datafield>
  <datafield tag="100" ind1="1" ind2=" ">
    <subfield code="a">Maza, Thomas de la</subfield>
    <subfield code="c">Militar</subfield>
    <subfield code="9">13844</subfield>
  </datafield>
  <datafield tag="245" ind1="1" ind2="0">
    <subfield code="a">Documento expedido a Don Thomas de la Maza</subfield>
    <subfield code="c">Thomas de la Maza, S. M. la Reina Do&#xF1;a Isabel II.</subfield>
  </datafield>
  <datafield tag="260" ind1=" " ind2=" ">
    <subfield code="a">Madrid, Espa&#xF1;a</subfield>
    <subfield code="c">1841-1842</subfield>
  </datafield>
  <datafield tag="300" ind1=" " ind2=" ">
    <subfield code="a">[1] foja</subfield>
    <subfield code="c">31 x 21 cm</subfield>
  </datafield>
  <datafield tag="500" ind1=" " ind2=" ">
    <subfield code="a">Documento expedido el 3 de diciembre de 1841</subfield>
  </datafield>
  <datafield tag="500" ind1=" " ind2=" ">
    <subfield code="a">Acreditaci&#xF3;n de usar la cruz de distinci&#xF3;n que la S. A. Regente del Reino a nombre de S. M. la REINA ISABEL II a Don Thomas de la Maza</subfield>
  </datafield>
  <datafield tag="500" ind1=" " ind2=" ">
    <subfield code="a">Papel con marca de agua</subfield>
  </datafield>
  <datafield tag="500" ind1=" " ind2=" ">
    <subfield code="a">En el margen superior tiene la leyenda: EL SECRETARIO DE ESTADO Y DE DESPACHO. UNIVERSAL DE LA GUERRA</subfield>
  </datafield>
  <datafield tag="500" ind1=" " ind2=" ">
    <subfield code="a">Estado de conservaci&#xF3;n: contiene dobleces y m&#xE1;rgenes maltratados</subfield>
  </datafield>
  <datafield tag="500" ind1=" " ind2=" ">
    <subfield code="a">Donaci&#xF3;n del Sr. Gonzalo Tassier 10 agosto 1995</subfield>
  </datafield>
  <datafield tag="505" ind1="0" ind2=" ">
    <subfield code="a">Don Thomas de la Maza individuo que fue al batall&#xF3;n de la Milicia Nacional movilizada de Sevilla. Ha creditado en debida forma heberse hecho digno de usar la cruz de distinci&#xF3;n que S. A. el Regente del Reino, a nombre de S. M. la REINA DO&#xD1;A ISABEL II, tuvo a bien conceder por su resoluci&#xF3;n de tres de diciembre de mil ochocientos cuarenta y uno, a todos los individuos que compusieron los dos batallones de la Milicia nacional movilizada de la provincia de Madrid por el importante activo servicio que prestaron en mil ochocientos treita y seis a la causa nacional y libertad de la Patria, tanto en descatamentos avanzados al enemigo, como recorriendo las provincias de Guadalajara y Toledo en persecuci&#xF3;n de los rebeldes que vagan por las mismas y otras lim&#xED;trofes; cuya decoraci&#xF3;n se sirvio S. A. el Regente del Reino a nombre de M. S. la REINA DO&#xD1;A ISABEL II</subfield>
  </datafield>
  <datafield tag="506" ind1="0" ind2=" ">
    <subfield code="a">Fondo reservado: para su consulta es necesario credencial de usuario y carta de motivos.</subfield>
  </datafield>
  <datafield tag="546" ind1=" " ind2=" ">
    <subfield code="a">Texto en: espa&#xF1;ol de finales del siglo XIX</subfield>
  </datafield>
  <datafield tag="600" ind1="1" ind2="4">
    <subfield code="a">Maza, Thomas de la</subfield>
    <subfield code="c">Militar</subfield>
    <subfield code="9">13844</subfield>
  </datafield>
  <datafield tag="650" ind1="1" ind2="4">
    <subfield code="a">Documentos diplom&#xE1;ticos</subfield>
    <subfield code="v">Impreso con r&#xFA;brica</subfield>
    <subfield code="x">Historia</subfield>
    <subfield code="y">Casa de Borb&#xF3;n, 1700</subfield>
    <subfield code="z">Espa&#xF1;a</subfield>
    <subfield code="9">13845</subfield>
  </datafield>
  <datafield tag="700" ind1="1" ind2=" ">
    <subfield code="a">Isabel de Espa&#xF1;a</subfield>
    <subfield code="b">II</subfield>
    <subfield code="c">Reina</subfield>
    <subfield code="d">1830-1904</subfield>
    <subfield code="e">Borb&#xF3;n y Borb&#xF3;n, Mar&#xED;a Isabel Luisa de</subfield>
    <subfield code="9">13846</subfield>
  </datafield>
  <datafield tag="902" ind1=" " ind2=" ">
    <subfield code="a">DDH</subfield>
  </datafield>
  <datafield tag="942" ind1=" " ind2=" ">
    <subfield code="2">lcc</subfield>
    <subfield code="c">D</subfield>
  </datafield>
  <datafield tag="999" ind1=" " ind2=" ">
    <subfield code="c">5113</subfield>
    <subfield code="d">5113</subfield>
  </datafield>
  <datafield tag="952" ind1=" " ind2=" ">
    <subfield code="0">0</subfield>
    <subfield code="1">0</subfield>
    <subfield code="4">0</subfield>
    <subfield code="7">0</subfield>
    <subfield code="a">BRCA</subfield>
    <subfield code="b">BRCA</subfield>
    <subfield code="d">2010-12-10</subfield>
    <subfield code="l">0</subfield>
    <subfield code="o">DOC6 .M39 1841 D1995</subfield>
    <subfield code="p">5854</subfield>
    <subfield code="r">2019-03-22 00:00:00</subfield>
    <subfield code="w">2019-03-22</subfield>
    <subfield code="y">D</subfield>
  </datafield>
</record>
